Artists Beginning With E - Statistics

General Stats
  • This quiz has been taken 332 times
  • The average score is 10 of 16
Answer Stats
Hint Answer % Correct
Hotel California Eagles
93%
Shape of You Ed Sheeran
90%
Jailhouse Rock Elvis Presley
90%
Lose Yourself Eminem
86%
I'm Still Standing Elton John
85%
The Final Countdown Europe
78%
Sweet Dreams (Are Made of This) Eurythmics
75%
Bring Me To Life Evanescence
68%
September Earth, Wind & Fire
64%
Mr. Blue Sky Electric Light Orchestra
57%
Love Me Like You Do Ellie Goulding
53%
Bailando Enrique Iglesias
44%
Wonderful Tonight Eric Clapton
43%
Blue (Da Ba Dee) Eiffel 65
38%
The Killing Moon Echo & the Bunnymen
20%
She Elvis Costello
20%
No matching quizzes found
Score Distribution
Percent of People with Each Score
Percentile by Number Answered
Your Score History
You have not taken this quiz